000 00631nam a2200193Ia 4500
003 GCL
008 140319s9999 xx 000 0 ara d
040 _aGCL /
_cGCL
082 0 4 _a658.302
_bم م
245 1 0 _aمهارات الارشاد اثناء الاشراف: MENTORING SKILLS التوجيه اثناء العمل
300 _a148 ص
490 _aمجموعة مهارات تطوير الاداء
_v0
650 0 4 _aادارة الاعمال
650 0 4 _aادارة الافراد
650 0 4 _aالاشراف
650 0 4 _aالتوجية الادارى
650 0 4 _aالاشراف الادارى
942 _2ddc
_cBK
999 _c49671
_d49671